| 000 | 00475nam a2200169Ia 4500 | ||
|---|---|---|---|
| 008 | 100315t1996 xxu||||| |||| 00| 0 sin d | ||
| 041 | _asin | ||
| 080 |
_aX8S31 _bAMA |
||
| 100 | _aAmarakeerthi, Piyasena | ||
| 245 | _aපූජිත ගුරුවරයෙකු වන හැටි | ||
| 246 | _aPujitha Guruvarayeku VanaHati | ||
| 260 |
_bGodage _aColombo _c1996 |
||
| 300 | _a333p., 21 cm | ||
| 942 | _cBK | ||
| 999 |
_c71098 _d71098 |
||
| 003 | LK-CoDNM | ||
| 040 |
_aLK-CoDNM _dLK-CoDNM _eLK-CoDNM |
||